| 000 | cam a22 7a 4500 | ||
|---|---|---|---|
| 999 |
_c7227 _d7227 |
||
| 003 | OSt | ||
| 005 | 20190605162105.0 | ||
| 008 | 190605e201904 spc |||| |||| 000 0 spa|d | ||
| 017 |
_aDL B 11040-2019 _bBiblioteca de Catalunya |
||
| 020 | _a9788491805069 | ||
| 040 |
_aES-BaUOC _bcat _cCDMR |
||
| 100 | 1 | _aUrbano, Patrick, | |
| 245 | 1 | 0 |
_aManual de autodefensa jurídica para periodistas _b: cómo conocer y ejercer tus derechos / _cPatrick Urbano |
| 260 |
_aBarcelona : _bUOC, _c2019 |
||
| 300 |
_a124 p. ; _c21 cm |
||
| 650 | 0 | 4 |
_aPeriodisme _xDret i legislació _93208 |
| 650 | 0 | 4 |
_aPeriodistes _xSituació legal, lleis, etc _92767 |
| 942 | _cMON | ||